书目信息 |
| 题名: |
竞争情报
|
|
| 作者: | 王知津 主编 | |
| 分册: | ||
| 出版信息: | 北京 科学技术文献出版社 2005.02 |
|
| 页数: | 462页 | |
| 开本: | 23cm | |
| 丛书名: | ||
| 单 册: | ||
| 中图分类: | G350 | |
| 科图分类: | ||
| 主题词: | 情报学--qing bao xue--研究生 | |
| 电子资源: | ||
| ISBN: | 7-5023-4863-8 | |
| 000 | 00776nam0 2200229 450 | |
| 001 | 012006636263 | |
| 005 | 20060411161754.68 | |
| 010 | @a7-5023-4863-8@dCNY49.00 | |
| 100 | @a20060411d2005 km y0chiy0120 ea | |
| 101 | 0 | @achi |
| 102 | @aCN@b110000 | |
| 105 | @aa z 000yy | |
| 200 | 1 | @a竞争情报@Ajing zheng qing bao@f王知津主编@Fwang zhi jin zhu bian |
| 210 | @a北京@c科学技术文献出版社@d2005.02 | |
| 215 | @a462页@c图@d23cm | |
| 330 | @a本书全面阐述了竞争情报的相关内容,包括企业竞争、竞争情报、竞争情报系统、竞争情报搜集与整理、竞争情报分析方法、部分情报处理技术等。 | |
| 333 | @a情报学研究生教材 | |
| 606 | 0 | @a情报学@Aqing bao xue@x研究生 |
| 690 | @aG350@v4 | |
| 701 | 0 | @a王知津@Awang zhi jin@4主编 |
| 801 | 0 | @aCN@bQSSK@c20060411 |
| 905 | @a10447@dG350@eW462 | |
| 竞争情报/王知津主编.-北京:科学技术文献出版社,2005.02 |
| 462页:图;23cm |
| 使用对象:情报学研究生教材 |
| ISBN 7-5023-4863-8:CNY49.00 |
| 本书全面阐述了竞争情报的相关内容,包括企业竞争、竞争情报、竞争情报系统、竞争情报搜集与整理、竞争情报分析方法、部分情报处理技术等。 |
| ● |
| 相关链接 |
|
|
|
正题名:竞争情报
索取号:G350/W462
 
预约/预借
| 序号 | 登录号 | 条形码 | 馆藏地/架位号 | 状态 | 备注 |
| 1 | 557667 | 205576679 | 社科库409/409社科库 120排3列5层/ [索取号:G350/W462] | 在馆 |